Spyro Characters - Statistics

General Stats
  • This quiz has been taken 58 times
  • The average score is 11 of 14
Answer Stats
Clue Character % Correct
A Dragonfly who accompanies Spyro throughout the original trilogy Sparx
100%
The Final Boss of the Original Spyro the Dragon game Gnasty Gnorc
98%
The Final Boss of the second game, his name is in the title Ripto
93%
A Cheetah who is skilled with a bow and helps Spyro out starting in the second game Hunter
91%
A playable Kangaroo in the third game, she has her own Alp Sheila
87%
A Bear who wears a monocle and charges Spyro gems to learn moves andunlock areas Moneybags
85%
The brainy scientist who debuts in Spyro 2 and brings the Dragon to Avalar The Professor
80%
A playable Space Monkey with a laser blaster who is highly intelligent Agent 9
76%
A Rabbit who starts as an antagonist in the third game, but rebels againsther master's plans when she finds out what her plan for the dragon eggs are Bianca
72%
The Final Boss of the third game, she steals all the dragon eggs to obtainimmortality The Sorceress
72%
A Large playable Yeti with an Ice/Crystal club that smashes enemies Bentley
67%
A Fairy who saves your progress within a level in the second and third game Zoe
67%
A Faun from Avalar who gives Spyro the guidebook and helps guide him in the second game Elora
65%
A playable military-minded penguin with a Jet Pack (include his rank) Sgt. Byrd
61%
No matching quizzes found
Score Distribution
Percent of People with Each Score
Percentile by Number Answered
Your Score History
You have not taken this quiz